00683nam a2200181Ia 4500003000400000005001700004008004000021040000700061041001200068082001700080100002100097245020700118250000600325260003700331300001600368650001000384650010700394OSt20231122150002.0210210b2009 xxu||||| |||| 00| 0 eng d cAL aKonkani a891.461 REBK aREBIMBUS (Wilfy) aKogul gayta: chadit 106 padam ani 65 bhaktik gitam sangimbಕೊಗುಳ್ ಗಾಯ್ತಾ (ಚಡಿತ್ 106 ಪದಾಂ ಆನಿ 65 ಭಕ್ತಿಕ್ ಗಿತಾಂ ಸಂಗಿಂ ) a4 aManglurbUnited Youngstersc2009 axxxviii,604 avilfi aA Golden Collection of Wilfys Songs includes 40 Album Songs,4 Konkani Film Albums, 6 Devotional Albums